| 000 | 00529nam a22001697a 4500 | ||
|---|---|---|---|
| 999 |
_c181693 _d181693 |
||
| 005 | 20211004144205.0 | ||
| 010 | _aEN230921 | ||
| 020 |
_a9789353885588 _c550.00 |
||
| 037 | _bSage | ||
| 100 | _aGupta, Abhik | ||
| 245 |
_aEnvironmental studies: _bprinciples and practices / _cby Abhik Gupta [and] Susmita Gupta |
||
| 260 |
_aNew Delhi _bSage Publications _c2021 |
||
| 270 |
_aBI/I-I, Mohan Cooperative Industrial Area _bNew Delhi _e110044 |
||
| 300 |
_avp.: _bill. _c24cm(pbk) |
||
| 700 | _aGupta, Susmita | ||
| 942 |
_2ddc _cEN _mGUP |
||